Lepení plastických hmot

Salvato in:
Dettagli Bibliografici
Autore principale: Osten, Miloš (Autore)
Natura: Libro
Lingua:ceco
Pubblicazione: Praha : SNTL, 1974
Edizione:2. opr. vyd.
Tags: Aggiungi Tag
Nessun Tag, puoi essere il primo ad aggiungerne!!

MARC

LEADER 00000nam a22000003a 4500
001 stu271758
005 20150617230237.1
008 130719s--------cs------------------cze-d
040 |a STU  |b slo 
041 0 |a cze 
044 |a cs 
080 |a 678.5.029.5 
100 1 |a Osten, Miloš  |4 aut 
245 1 |a Lepení plastických hmot 
250 |a 2. opr. vyd. 
260 |a Praha :  |b SNTL,  |c 1974 
300 |a 150 s 
996 |b 284V035545  |c V*8277/O-991  |l VVS  |s A  |a 24  |w stu271758_0001